000 01231cas a22003017ar4500
005 20220329142117.0
008 990708d19121917it mr pernn 0 uub0ita d
010 _a78584
011 _a79556
035 _a89819
245 0 0 _aBulletin Mensual d'Institutions Economiques et Sociales
_c/par Institut International de Agriculture
260 0 _aRoma, Italia :
_bInstitut International de Agriculture,
_c1912-1917
300 _av.
310 _aMensual
362 _av.8 n.1, 1917
590 _aBATCH-UPD
_b10
_c20130110
_lUCH01
_h0624
590 _aBATCH-UPD
_b10
_c20130410
_lUCH01
_h0307
590 _aBATCH-UPD
_b10
_c20130410
_lUCH01
_h1631
590 _aBATCH-UPD
_b10
_c20130914
_lUCH01
_h1232
590 _aCONVERSION
_b10
_c20130109
_lUCH01
_h1344
650 1 4 _aEconomía
_xPublicaciones periódicas.
_935253
650 1 4 _aSociología
_xPublicaciones periódicas.
_9108207
780 1 4 _tBulletin du Bureau des Institutions Economiques et Sociales
785 1 4 _tBulletin Mensuel de Renseignemments Economiques et Sociaux, Bulletin Mensuel de Renseignements Techniques, Bulletin Mensuel de Statistique Agricole et Comerciale
866 _av.3 n.4-v.8 n.12 (1912-1917)
901 _aSE
905 _aMa. del Socorro Iturbe C.
999 _c78584
_d78584